000 00686nam a2200253Ia 4500
003 OSt
005 20221002054621.0
006 a|||||r|||| 00| 0
007 ta
008 220930b |||||||| |||| 00| 0 eng d
024 _a65592
037 _cReference Collections
040 _aCRL
_cCRL
_beng
041 _2eng
_aeng
082 _aV498.N7, M1(RR)
100 _aBonavia David
_9576006
245 0 _aTibet
260 _aLondon
_bThames and Hudson
_c1981
300 _a127p.
_ccm.
650 _aHISTORY
700 _a Bartlett Magnus
_9576007
942 _hV498.N7, M1(RR)
_cref
_2CC
999 _c925278
_d925278